000
00283nam a2200133Ia 4500
008
231129s1971||||xx |||||||||||||| ||spa||
040
_b
spa
082
_a
Co861 F196p
100
_a
Fallon Diego de J.
245
0
_a
Poesia
260
_c
1971
264
_a
Kelly
942
_2
ddc
_c
BKS
999
_c
22933
_d
22933